Banderas con plantas - Muerte súbita - Estadísticas

Estadísticas generales
  • Esta prueba ha sido intentada 51 veces
  • La puntuación promedio es 6 de 15
Answers on the Grid
Answers color-coded by a green-red scale on the quiz's grid according to % correct below.
Andorra
Arabia Saudi
Belice
Brasil
Canadá
Chipre
Egipto
El Salvador
Eritrea
España
Fiyi
Francia
Granada
Guatemala
Guinea ecuatorial
Guyana
Haití
Japón
Kenia
Kiribati
Lesoto
Líbano
México
Paraguay
Samoa
San Marino
Siria
Surinam
Taiwan
Zimbabue
 
Estadísticas de respuestas
Respuesta % Correcto
Canadá
74%
Líbano
63%
México
57%
Belice
51%
Chipre
49%
Granada
49%
Haití
46%
El Salvador
40%
España
37%
Guinea ecuatorial
37%
Guatemala
34%
San Marino
31%
Eritrea
29%
Paraguay
29%
Fiyi
20%
No se encontraron pruebas coincidentes
Distribución de puntuación
Porcentaje de gente con cada puntuación
Porcentaje por número respondido
Historial de tus puntuaciones
No has intentado esta prueba.